[Event "DVM U10 2014"]
[Site "Magdeburg GER"]
[Date "2014.12.29"]
[Round "7"]
[White "Schneider, Konstantin"]
[Black "Buchloh, Adrian"]
[Result "0-1"]
[Termination "normal"]
[Board "3.2"]
[WhiteElo "1216"]
[BlackElo "1580"]
[WhiteClock "00:53:59"]
[BlackClock "00:58:45"]
[WhiteTeam "SV Empor Erfurt"]
[BlackTeam "Hagener SV 1"]
[PlyCount "40"]
[BlackFideId "12960675"]
[EventCountry "GER"]
[EventRounds "7"]
[EventType "team-swiss"]
[EventDate "2014.12.27"]

1. e4 d5 2. exd5 Qxd5 3. Nc3 Qa5 4. d4 Nf6 5. Bc4 Bg4 6. f3 Bh5 7. Bd2 Qb6 8.
Bc1 Nc6 9. Nge2 O-O-O 10. d5 e6 11. a3 Ne5 12. Bd2 Nxc4 13. Bg5 exd5 14. Bxf6
gxf6 15. Nf4 Qe3+ 16. Nfe2 Bc5 17. Qd3 Qxd3 18. cxd3 Nxb2 19. d4 Bb6 20. Rb1
Nc4 0-1

[Event "DVM U10 2014"]
[Site "Magdeburg GER"]
[Date "2014.12.29"]
[Round "7"]
[White "Scheidt, Mike Niklas"]
[Black "Rajchel, Arian"]
[Result "1-0"]
[Termination "normal"]
[Board "3.3"]
[WhiteElo "1363"]
[BlackElo "1149"]
[WhiteTeam "Hagener SV 1"]
[BlackTeam "SV Empor Erfurt"]
[PlyCount "65"]
[WhiteFideId "12965235"]
[EventCountry "GER"]
[EventRounds "7"]
[EventType "team-swiss"]
[EventDate "2014.12.27"]

1. d4 d5 2. Bf4 Nf6 3. Nc3 Bf5 4. e3 e6 5. Bd3 Bg6 6. Nf3 Bd6 7. Ne5 Nbd7 8.
Nxg6 fxg6 9. Bxd6 cxd6 10. Nb5 Qb6 11. Rb1 a6 12. Nc3 O-O 13. O-O Rf7 14. Be2
Raf8 15. f3 e5 16. Qd2 e4 17. fxe4 dxe4 18. Bc4 d5 19. Nxd5 Qd6 20. Nxf6+ Nxf6
21. Bxf7+ Rxf7 22. Qf2 Qc7 23. c3 Qa5 24. Qf4 Qxa2 25. Qb8+ Rf8 26. Qxb7 Qe6
27. Ra1 Qe8 28. Rxa6 Qc8 29. Ra7 Qxb7 30. Rxb7 Rc8 31. h3 Ra8 32. c4 Ra2 33. c5
1-0

[Event "DVM U10 2014"]
[Site "Magdeburg GER"]
[Date "2014.12.29"]
[Round "7"]
[White "Prieb, Robert"]
[Black "Krause, Marc"]
[Result "1/2-1/2"]
[Termination "normal"]
[Board "4.1"]
[WhiteElo "1396"]
[BlackElo "1313"]
[WhiteClock "00:15:07"]
[BlackClock "00:07:01"]
[WhiteTeam "SK Blauer Springer Paderborn 1"]
[BlackTeam "SC Empor Potsdam 1952"]
[PlyCount "74"]
[WhiteFideId "16212002"]
[BlackFideId "12985724"]
[EventCountry "GER"]
[EventRounds "7"]
[EventType "team-swiss"]
[EventDate "2014.12.27"]

1. d4 d5 2. c4 e6 3. Nc3 Nf6 4. Bg5 Nbd7 5. e3 c6 6. Bd3 Be7 7. Nge2 Qc7 8. h3
h6 9. Bh4 a6 10. a4 b6 11. O-O O-O 12. Qc2 Bb7 13. e4 dxe4 14. Nxe4 Nxe4 15.
Bxe7 Rfe8 16. Bxe4 Rxe7 17. Nc3 Nf6 18. Bf3 Rd8 19. Rad1 Red7 20. Ne2 c5 21.
Bxb7 Qxb7 22. dxc5 Rxd1 23. Rxd1 Rxd1+ 24. Qxd1 bxc5 25. Qc2 Qe4 26. Qxe4 Nxe4
27. b3 Kf8 28. f3 Nd6 29. Kf2 Ke7 30. Ke3 g5 31. g4 f5 32. Nc3 Kf6 33. f4 Nb7
34. Ne2 Na5 35. Nc1 Nc6 36. Ne2 Na5 37. Nc1 Nc6 1/2-1/2

[Event "DVM U10 2014"]
[Site "Magdeburg GER"]
[Date "2014.12.29"]
[Round "7"]
[White "Gericke, Luis"]
[Black "Meier, Silas"]
[Result "0-1"]
[Termination "normal"]
[Board "4.2"]
[WhiteElo "1361"]
[BlackElo "1278"]
[WhiteClock "00:00:07"]
[BlackClock "00:04:16"]
[WhiteTeam "SC Empor Potsdam 1952"]
[BlackTeam "SK Blauer Springer Paderborn 1"]
[PlyCount "88"]
[WhiteFideId "16212525"]
[BlackFideId "16210662"]
[EventCountry "GER"]
[EventRounds "7"]
[EventType "team-swiss"]
[EventDate "2014.12.27"]

1. e4 e6 2. d4 d5 3. exd5 exd5 4. Bd3 Bd6 5. Nf3 Ne7 6. O-O Bg4 7. h3 Bh5 8.
Be3 Nbc6 9. c3 f6 10. Nbd2 Qd7 11. Be2 O-O-O 12. c4 dxc4 13. Bxc4 Rde8 14. Re1
Kb8 15. d5 Nd8 16. Qb3 Nc8 17. Bb5 c6 18. dxc6 Nxc6 19. Rac1 N8e7 20. Nd4 Rc8
21. Nxc6+ Nxc6 22. Rxc6 Rxc6 23. Rc1 Rxc1+ 24. Nf1 Qc7 25. Qa4 Rc5 26. Bxc5
Qxc5 27. Qb3 Qb6 28. Ne3 a6 29. Bc4 Qxb3 30. Bxb3 Ka7 31. Nf5 Bf8 32. g4 Bg6
33. Nh4 Be7 34. f4 Be4 35. Kf2 Bc5+ 36. Kg3 Rd8 37. f5 Bd6+ 38. Kf2 Kb6 39. Ke3
Bc6 40. Nf3 Bxf3 41. Kxf3 Kc5 42. Ke3 Be5 43. Bc2 Bxb2 44. h4 Bc1+ 0-1

[Event "DVM U10 2014"]
[Site "Magdeburg GER"]
[Date "2014.12.29"]
[Round "7"]
[White "Bornemann, Malte"]
[Black "Knape, Albert"]
[Result "1-0"]
[Termination "normal"]
[Board "4.3"]
[WhiteElo "966"]
[BlackElo "1072"]
[WhiteClock "00:28:48"]
[BlackClock "00:33:26"]
[WhiteTeam "SK Blauer Springer Paderborn 1"]
[BlackTeam "SC Empor Potsdam 1952"]
[PlyCount "121"]
[WhiteFideId "16284470"]
[BlackFideId "16208919"]
[EventCountry "GER"]
[EventRounds "7"]
[EventType "team-swiss"]
[EventDate "2014.12.27"]

1. d4 d5 2. Bf4 Nf6 3. Nf3 Bf5 4. e3 e6 5. c3 Nbd7 6. Bd3 Ne4 7. Nbd2 Ndf6 8.
Qc2 Nxd2 9. Qxd2 Bxd3 10. Qxd3 c6 11. O-O Bd6 12. Bxd6 Qxd6 13. Ne5 Nd7 14. Nf3
Nf6 15. Rfe1 Ne4 16. Nd2 Nf6 17. f3 e5 18. Nb3 e4 19. fxe4 Nxe4 20. Nd2 Ng5 21.
Rf1 Qg6 22. Qf5 f6 23. h3 Qxf5 24. Rxf5 Kf7 25. Rd1 Rae8 26. Kf2 Ne4+ 27. Nxe4
Rxe4 28. Kf3 g6 29. Rf4 Rhe8 30. Rxe4 Rxe4 31. c4 Ke6 32. g4 g5 33. b3 h6 34.
Rd3 Kd6 35. c5+ Ke6 36. a4 a6 37. a5 f5 38. gxf5+ Kxf5 39. b4 h5 40. Rd1 g4+
41. hxg4+ hxg4+ 42. Ke2 g3 43. Kf3 Kg5 44. Rh1 Re7 45. Rh3 Rf7+ 46. Kxg3 Rf1
47. Rh7 Rg1+ 48. Kf2 Rb1 49. Rxb7 Rb2+ 50. Kf3 Kf5 51. Rb6 Rb3 52. Rxa6 Rxb4
53. Rxc6 Rb5 54. a6 Rb8 55. a7 Ra8 56. Ra6 Kg5 57. e4 Rf8+ 58. Ke3 dxe4 59.
a8=Q Rf3+ 60. Kxe4 Rf4+ 61. Ke3 1-0

[Event "DVM U10 2014"]
[Site "Magdeburg GER"]
[Date "2014.12.29"]
[Round "7"]
[White "Sinka, Silas"]
[Black "Yin, Haode"]
[Result "1/2-1/2"]
[Termination "normal"]
[Board "4.4"]
[WhiteElo "1017"]
[BlackElo "924"]
[WhiteClock "00:40:58"]
[BlackClock "00:33:00"]
[WhiteTeam "SC Empor Potsdam 1952"]
[BlackTeam "SK Blauer Springer Paderborn 1"]
[PlyCount "55"]
[WhiteFideId "16265823"]
[BlackFideId "16261348"]
[EventCountry "GER"]
[EventRounds "7"]
[EventType "team-swiss"]
[EventDate "2014.12.27"]

1. Nf3 Nf6 2. g3 g6 3. Bg2 Bg7 4. O-O O-O 5. d3 d6 6. Nbd2 Nbd7 7. c4 Re8 8. b4
e5 9. Qc2 Rb8 10. Re1 b6 11. d4 Bb7 12. d5 b5 13. cxb5 Bxd5 14. e4 Be6 15. a4
d5 16. exd5 Bxd5 17. Bb2 Bxf3 18. Nxf3 Nd5 19. Re2 f6 20. Qb3 Nf8 21. Rd2 c6
22. bxc6 Rxb4 23. Qxd5+ Qxd5 24. Rxd5 Rxb2 25. c7 Rc8 26. Rd8 Rxc7 27. Rad1
Rcb7 28. Re1 1/2-1/2

[Event "DVM U10 2014"]
[Site "Magdeburg GER"]
[Date "2014.12.29"]
[Round "7"]
[White "Colbow, Collin"]
[Black "Zeuner, Ole"]
[Result "1/2-1/2"]
[Termination "normal"]
[Board "5.1"]
[WhiteElo "1305"]
[BlackElo "1484"]
[WhiteTeam "SK Bremen-Nord"]
[BlackTeam "Schachzwerge Magdeburg 1"]
[PlyCount "61"]
[WhiteFideId "16201132"]
[BlackFideId "12943576"]
[EventCountry "GER"]
[EventRounds "7"]
[EventType "team-swiss"]
[EventDate "2014.12.27"]

1. e4 c5 2. Nf3 Nc6 3. d4 cxd4 4. Nxd4 g6 5. Nc3 Bg7 6. Be3 Nf6 7. f3 O-O 8.
Qd2 d5 9. O-O-O a5 10. Be2 a4 11. g4 Be6 12. h4 h5 13. gxh5 Nxh5 14. Rdg1 dxe4
15. Nxc6 Qxd2+ 16. Bxd2 bxc6 17. fxe4 Kh7 18. Rg5 Bh6 19. Rc5 Rfd8 20. Bxh6
Kxh6 21. Bxh5 gxh5 22. Rg1 Rac8 23. Ne2 Bg4 24. Ng3 Rc7 25. Nf5+ Kh7 26. Ne3
Bf3 27. Rg3 Bg4 28. Nxg4 hxg4 29. Rxg4 Kh6 30. Rgg5 f6 31. Rg3 1/2-1/2

[Event "DVM U10 2014"]
[Site "Magdeburg GER"]
[Date "2014.12.29"]
[Round "7"]
[White "Morgenstern, Tobias"]
[Black "Rockmann, Enno"]
[Result "1-0"]
[Termination "normal"]
[Board "5.2"]
[WhiteElo "1342"]
[BlackElo "1031"]
[WhiteTeam "Schachzwerge Magdeburg 1"]
[BlackTeam "SK Bremen-Nord"]
[PlyCount "37"]
[WhiteFideId "12974390"]
[BlackFideId "12982920"]
[EventCountry "GER"]
[EventRounds "7"]
[EventType "team-swiss"]
[EventDate "2014.12.27"]

1. e4 e5 2. Nf3 Nc6 3. Bc4 Bc5 4. b4 Bxb4 5. c3 Be7 6. d4 exd4 7. O-O dxc3 8.
Qb3 d6 9. Bxf7+ Kf8 10. Bd5 Na5 11. Qxc3 c6 12. Bb3 Nf6 13. Nbd2 Bd7 14. Ng5 d5
15. e5 Ne8 16. Qf3+ Nf6 17. exf6 Bxf6 18. Ba3+ Kg8 19. Bxd5+ 1-0

[Event "DVM U10 2014"]
[Site "Magdeburg GER"]
[Date "2014.12.29"]
[Round "7"]
[White "Bassow, Konstantin"]
[Black "Eschner, Fabian"]
[Result "0-1"]
[Termination "normal"]
[Board "5.3"]
[WhiteElo "1001"]
[BlackElo "1216"]
[WhiteTeam "SK Bremen-Nord"]
[BlackTeam "Schachzwerge Magdeburg 1"]
[PlyCount "60"]
[WhiteFideId "12982415"]
[BlackFideId "16232860"]
[EventCountry "GER"]
[EventRounds "7"]
[EventType "team-swiss"]
[EventDate "2014.12.27"]

1. e4 e5 2. Nf3 Nc6 3. Bc4 Nf6 4. Ng5 d5 5. exd5 Na5 6. Bb5+ c6 7. dxc6 Nxc6 8.
Bc4 Bc5 9. Nxf7 Qd4 10. O-O Qxc4 11. Nxh8 Qg8 12. d3 Qxh8 13. Nc3 Bf5 14. Qf3
g6 15. Be3 Bd6 16. Nb5 Qf8 17. d4 a6 18. d5 Nb4 19. c3 Nbxd5 20. Rad1 axb5 21.
Rxd5 Be4 22. Rxe5+ Bxe5 23. Qe2 Bc6 24. Bh6 Qc5 25. b4 Qd5 26. f4 Qxa2 27. Qxa2
Rxa2 28. fxe5 Rxg2+ 29. Kh1 Rg3+ 30. Rf3 Bxf3# 0-1

[Event "DVM U10 2014"]
[Site "Magdeburg GER"]
[Date "2014.12.29"]
[Round "7"]
[White "Mirschel, Thaddeus"]
[Black "Adams, Curtis"]
[Result "1-0"]
[Termination "normal"]
[Board "5.4"]
[WhiteElo "1006"]
[BlackElo "874"]
[WhiteTeam "Schachzwerge Magdeburg 1"]
[BlackTeam "SK Bremen-Nord"]
[PlyCount "73"]
[WhiteFideId "16277570"]
[EventCountry "GER"]
[EventRounds "7"]
[EventType "team-swiss"]
[EventDate "2014.12.27"]

1. e4 e5 2. Nf3 Nc6 3. Bc4 Bc5 4. d3 d6 5. Ng5 Qf6 6. O-O Be6 7. Bb3 h6 8. Nf3
Qg6 9. Bxe6 Qxe6 10. Nc3 Nd4 11. Nxd4 exd4 12. Nd5 Rc8 13. b4 Bb6 14. Bb2 c5
15. bxc5 dxc5 16. Qf3 Rc6 17. Qg3 Qg6 18. Qe5+ Re6 19. Qb8+ Bd8 20. Nc7+ Ke7
21. Nxe6 Qxe6 22. Qxb7+ Ke8 23. Qxa7 Ne7 24. Qxc5 Bb6 25. Qb5+ Kf8 26. Rab1 Nc8
27. Ba3+ Kg8 28. f4 Kh7 29. f5 Qf6 30. e5 Qg5 31. Bc1 Qh5 32. e6 fxe6 33. fxe6
Qxb5 34. Rxb5 Re8 35. Re1 Kh8 36. e7 Nd6 37. Rxb6 1-0

[Event "DVM U10 2014"]
[Site "Magdeburg GER"]
[Date "2014.12.29"]
[Round "7"]
[White "Kamp, Adrian"]
[Black "Hiller, Klemens"]
[Result "1-0"]
[Termination "normal"]
[Board "6.1"]
[WhiteElo "1413"]
[BlackElo "1165"]
[WhiteTeam "SK Münster 32"]
[BlackTeam "SV Dresden-Leuben"]
[PlyCount "63"]
[WhiteFideId "16222466"]
[BlackFideId "16255739"]
[EventCountry "GER"]
[EventRounds "7"]
[EventType "team-swiss"]
[EventDate "2014.12.27"]

1. e4 e5 2. d4 Nf6 3. dxe5 Nxe4 4. Qd4 Ng5 5. Bc4 Nc6 6. Qf4 d5 7. exd6 Bxd6 8.
Qxg5 Qxg5 9. Bxg5 O-O 10. Nf3 Nb4 11. Bb3 Be6 12. Na3 Rfe8 13. O-O Bg4 14. Nd4
Be5 15. c3 Na6 16. h3 Bd7 17. Rfe1 h6 18. Bh4 Nc5 19. Nc4 Bxd4 20. cxd4 Ne6 21.
Ne5 Bc8 22. Rac1 Kf8 23. Bxe6 Rxe6 24. Rxc7 f6 25. Ng6+ Kg8 26. Rxe6 Bxe6 27.
Rxb7 Bxa2 28. Ne7+ Kf8 29. d5 Re8 30. Ng6+ Kg8 31. d6 Bd5 32. Ne7+ 1-0

[Event "DVM U10 2014"]
[Site "Magdeburg GER"]
[Date "2014.12.29"]
[Round "7"]
[White "Macher, Thore"]
[Black "Toval, David"]
[Result "0-1"]
[Termination "normal"]
[Board "6.2"]
[WhiteElo "1082"]
[BlackElo "1528"]
[WhiteTeam "SV Dresden-Leuben"]
[BlackTeam "SK Münster 32"]
[PlyCount "90"]
[BlackFideId "12992755"]
[EventCountry "GER"]
[EventRounds "7"]
[EventType "team-swiss"]
[EventDate "2014.12.27"]

1. d4 Nf6 2. c4 e6 3. e3 b6 4. Nc3 Bb7 5. Nf3 Bb4 6. Bd2 O-O 7. a3 Bxc3 8. Bxc3
d6 9. Bd3 Nbd7 10. O-O Ne4 11. Bc2 Nxc3 12. bxc3 Rc8 13. Qd3 Nf6 14. Rfe1 Bxf3
15. gxf3 Qd7 16. e4 g6 17. e5 dxe5 18. Rxe5 Rfd8 19. Rd1 c5 20. d5 Qd6 21. Re3
exd5 22. cxd5 Qxd5 23. Qe2 Qa2 24. Rdd3 Rxd3 25. Rxd3 Re8 26. Qd2 Kg7 27. a4
Qa1+ 28. Kg2 Re1 29. Bd1 Re8 30. c4 Qe5 31. Re3 Qg5+ 32. Kf1 Rxe3 33. fxe3 Qh4
34. Qb2 Qxc4+ 35. Kf2 Qh4+ 36. Kf1 Qb4 37. Qe5 c4 38. Qc7 Qb1 39. Ke1 Qd3 40.
e4 c3 41. e5 Qd2+ 42. Kf1 Qxd1+ 43. Kf2 Qd4+ 44. Kg3 Qg1+ 45. Kf4 Nd5+ 0-1

[Event "DVM U10 2014"]
[Site "Magdeburg GER"]
[Date "2014.12.29"]
[Round "7"]
[White "Schröder, Lennart"]
[Black "Wiedersich, Hendryk"]
[Result "0-1"]
[Termination "normal"]
[Board "6.3"]
[WhiteElo "1188"]
[BlackElo "1004"]
[WhiteTeam "SK Münster 32"]
[BlackTeam "SV Dresden-Leuben"]
[PlyCount "64"]
[WhiteFideId "16222490"]
[BlackFideId "16255399"]
[EventCountry "GER"]
[EventRounds "7"]
[EventType "team-swiss"]
[EventDate "2014.12.27"]

1. d4 d5 2. c4 dxc4 3. e4 e5 4. d5 Bc5 5. Nc3 Nf6 6. Bxc4 O-O 7. Nge2 c6 8. O-O
b5 9. Bb3 Bb7 10. dxc6 Qxd1 11. Rxd1 Nxc6 12. a3 a5 13. Kf1 b4 14. Na4 Ba7 15.
f3 Nh5 16. Rd7 Ba6 17. Bg5 h6 18. Bh4 Nf4 19. Bd1 g5 20. Bf2 Nd4 21. Bxd4 Bxd4
22. g3 Nh3 23. Ke1 Bf2+ 24. Kd2 Rad8 25. Rxd8 Rxd8+ 26. Kc2 Bd3+ 27. Kb3 bxa3
28. bxa3 Rb8+ 29. Kc3 Bb5 30. Rb1 Be1+ 31. Kc2 Bxa4+ 32. Kc1 Bd2+ 0-1

[Event "DVM U10 2014"]
[Site "Magdeburg GER"]
[Date "2014.12.29"]
[Round "7"]
[White "Phan Trong, Dai"]
[Black "Van Lindt, Raffael"]
[Result "0-1"]
[Termination "normal"]
[Board "6.4"]
[WhiteElo "782"]
[BlackElo "1061"]
[WhiteTeam "SV Dresden-Leuben"]
[BlackTeam "SK Münster 32"]
[PlyCount "88"]
[WhiteFideId "16236939"]
[BlackFideId "12998834"]
[EventCountry "GER"]
[EventRounds "7"]
[EventType "team-swiss"]
[EventDate "2014.12.27"]

1. e4 e5 2. Nf3 Nc6 3. Bc4 Nf6 4. Nc3 Bc5 5. d3 d6 6. h3 Be6 7. Bxe6 fxe6 8.
Ng5 Qe7 9. Be3 Bb6 10. Nf3 d5 11. exd5 exd5 12. Bg5 d4 13. Nd5 Qd6 14. Nxf6+
gxf6 15. Bd2 O-O-O 16. Qe2 Rhg8 17. O-O-O Rxg2 18. Nh4 Rgg8 19. Nf5 Qe6 20. Nh6
Rg6 21. Kb1 Ba5 22. Bxa5 Nxa5 23. f4 Rxh6 24. fxe5 Nc6 25. Qd2 fxe5 26. h4 Rd5
27. c4 dxc3 28. Qxc3 b6 29. Rc1 Ra5 30. a3 Rc5 31. Qd2 Rxc1+ 32. Qxc1 Qd5 33.
Rh3 Rf6 34. Qd1 Qd7 35. Rg3 e4 36. Rg8+ Kb7 37. Rg3 Re6 38. Qg4 e3 39. Rxe3 Re7
40. Qxd7 Rxd7 41. Kc2 Re7 42. Rxe7 Nxe7 43. Kd2 h5 44. Ke3 Ng6 0-1

[Event "DVM U10 2014"]
[Site "Magdeburg GER"]
[Date "2014.12.29"]
[Round "7"]
[White "Hoffmann, Simon"]
[Black "Högner, Tom"]
[Result "1-0"]
[Termination "normal"]
[Board "7.1"]
[WhiteElo "1344"]
[BlackElo "1072"]
[WhiteTeam "USC Magdeburg"]
[BlackTeam "SC Erlangen 48/88"]
[PlyCount "81"]
[WhiteFideId "12979686"]
[BlackFideId "12995436"]
[EventCountry "GER"]
[EventRounds "7"]
[EventType "team-swiss"]
[EventDate "2014.12.27"]

1. e4 e5 2. Nf3 Nc6 3. Bc4 Nf6 4. d3 Bc5 5. Nc3 O-O 6. Bg5 h6 7. Bh4 d6 8. Nd5
g5 9. Bg3 Bg4 10. c3 Bxf3 11. Qxf3 Kg7 12. h4 g4 13. Qf5 Bd4 14. Nxf6 Qxf6 15.
Qxg4+ Qg6 16. Qxg6+ fxg6 17. cxd4 Nxd4 18. Kd2 b5 19. Bb3 Nxb3+ 20. axb3 Rad8
21. Rxa7 Kf6 22. Rc1 c5 23. Rca1 g5 24. h5 b4 25. R1a6 Ke6 26. Rb6 Rf7 27. Rxf7
Kxf7 28. f3 Kf6 29. Bf2 Ke7 30. Rb7+ Ke6 31. Rh7 Ra8 32. Rxh6+ Kf7 33. Rxd6 Rh8
34. g4 Ke7 35. Bxc5 Rc8 36. Rc6+ Kd7 37. Rxc8 Kxc8 38. h6 Kc7 39. h7 Kc6 40.
Bxb4 Kb5 41. Bc3 1-0

[Event "DVM U10 2014"]
[Site "Magdeburg GER"]
[Date "2014.12.29"]
[Round "7"]
[White "Hetzner, Hannes"]
[Black "Khanbekyan, Areg"]
[Result "1-0"]
[Termination "normal"]
[Board "7.2"]
[WhiteElo "969"]
[BlackElo "1095"]
[WhiteTeam "SC Erlangen 48/88"]
[BlackTeam "USC Magdeburg"]
[PlyCount "53"]
[WhiteFideId "16211936"]
[BlackFideId "12993727"]
[EventCountry "GER"]
[EventRounds "7"]
[EventType "team-swiss"]
[EventDate "2014.12.27"]

1. e4 c5 2. Nf3 d6 3. d4 cxd4 4. Nxd4 g6 5. Nc3 Nf6 6. Bg5 Bg7 7. Bc4 O-O 8.
O-O Nc6 9. Nxc6 bxc6 10. Re1 Qc7 11. Bb3 Ba6 12. f4 h6 13. Bh4 Rfd8 14. Qf3 h5
15. e5 Ng4 16. exd6 Qb6+ 17. Kh1 Nf6 18. dxe7 Re8 19. Ne4 Nd5 20. Nd6 Qc5 21.
Nxe8 Rxe8 22. Bxd5 cxd5 23. Rad1 Qa5 24. Rxd5 Qb6 25. Rd8 Rxd8 26. exd8=Q+ Qxd8
27. Bxd8 1-0

[Event "DVM U10 2014"]
[Site "Magdeburg GER"]
[Date "2014.12.29"]
[Round "7"]
[White "Hoffmann, Siegfried"]
[Black "Hetzner, Michael"]
[Result "1-0"]
[Termination "normal"]
[Board "7.3"]
[WhiteElo "1231"]
[BlackElo "905"]
[WhiteTeam "USC Magdeburg"]
[BlackTeam "SC Erlangen 48/88"]
[PlyCount "87"]
[WhiteFideId "16252268"]
[EventCountry "GER"]
[EventRounds "7"]
[EventType "team-swiss"]
[EventDate "2014.12.27"]

1. e4 e6 2. d4 d5 3. e5 c5 4. Be3 cxd4 5. Bxd4 Nc6 6. c3 Nxd4 7. cxd4 Qa5+ 8.
Nc3 Bb4 9. Be2 Bxc3+ 10. bxc3 Qxc3+ 11. Kf1 Ne7 12. Bb5+ Nc6 13. Ne2 Qb4 14.
Bxc6+ bxc6 15. Qc2 Bb7 16. Rb1 Qe7 17. Qb3 Ba6 18. Qa4 Bxe2+ 19. Kxe2 Rc8 20.
Rhc1 O-O 21. f4 c5 22. Rb3 c4 23. Rh3 Rb8 24. Qc2 h6 25. a3 Rb7 26. Ke1 Qxa3
27. Rxa3 Rfb8 28. g3 Rb2 29. Qa4 c3 30. Raxc3 Rb1 31. Qa3 Rxc1+ 32. Qxc1 Ra8
33. Rc7 Rf8 34. Rxa7 Kh7 35. Qc6 -- 36. Ra8 Rxa8 37. Qxa8 f6 38. exf6 gxf6 39.
h3 f5 40. Qe8 h5 41. Qxe6 Kg7 42. Qxf5 Kh6 43. Qg5+ Kh7 44. Qxh5+ 1-0

[Event "DVM U10 2014"]
[Site "Magdeburg GER"]
[Date "2014.12.29"]
[Round "7"]
[White "Grüninger, Nils"]
[Black "Pikalow, Michael"]
[Result "0-1"]
[Termination "normal"]
[Board "7.4"]
[WhiteElo "848"]
[BlackElo "970"]
[WhiteTeam "SC Erlangen 48/88"]
[BlackTeam "USC Magdeburg"]
[PlyCount "30"]
[WhiteFideId "12942995"]
[BlackFideId "16227638"]
[EventCountry "GER"]
[EventRounds "7"]
[EventType "team-swiss"]
[EventDate "2014.12.27"]

1. e4 e5 2. Nf3 d6 3. Bc4 Nc6 4. Nc3 Bg4 5. d3 Nf6 6. Bg5 Be7 7. O-O Nd4 8. Nb5
Nxf3+ 9. gxf3 Bh5 10. d4 c6 11. Bxf6 Bxf6 12. dxe5 Bxe5 13. Nd4 Bxd4 14. Qxd4
Qg5+ 15. Kh1 Bxf3# 0-1

[Event "DVM U10 2014"]
[Site "Magdeburg GER"]
[Date "2014.12.29"]
[Round "7"]
[White "Grund, Sebastian"]
[Black "Gutewort, Paul Emil"]
[Result "1-0"]
[Termination "normal"]
[Board "8.1"]
[WhiteElo "1810"]
[BlackElo "1198"]
[WhiteTeam "MTV 1876 Saalfeld"]
[BlackTeam "Sfr. Nord-Ost Berlin"]
[PlyCount "64"]
[WhiteFideId "12988626"]
[BlackFideId "16204182"]
[EventCountry "GER"]
[EventRounds "7"]
[EventType "team-swiss"]
[EventDate "2014.12.27"]

1. Nf3 e6 2. g3 d5 3. Bg2 Bc5 4. O-O Nf6 5. c4 c6 6. d4 Bd6 7. cxd5 cxd5 8. Nc3
O-O 9. a3 b6 10. b4 Nbd7 11. Bb2 Re8 12. Rc1 Nf8 13. e3 Ng6 14. Nb5 Ba6 15. Qa4
Bxb5 16. Qxb5 Ne4 17. Qe2 Rc8 18. Nd2 Nf6 19. Rxc8 Qxc8 20. Rc1 Qd7 21. Qa6 Ne7
22. Bf1 Rc8 23. Rxc8+ Qxc8 24. Qd3 Qb7 25. Bg2 Qc7 26. e4 dxe4 27. Nxe4 Nxe4
28. Bxe4 Ng6 29. d5 exd5 30. Bxd5 Qe7 31. Qc3 Be5 {Partie nicht mehr
Nachvollziehbar} 32. Qxe5 Nf4 1-0

[Event "DVM U10 2014"]
[Site "Magdeburg GER"]
[Date "2014.12.29"]
[Round "7"]
[White "Buschmann, Tim"]
[Black "Gräf, Patrick"]
[Result "1-0"]
[Termination "normal"]
[Board "8.2"]
[WhiteElo "1115"]
[BlackElo "930"]
[WhiteTeam "Sfr. Nord-Ost Berlin"]
[BlackTeam "MTV 1876 Saalfeld"]
[PlyCount "99"]
[WhiteFideId "16257669"]
[EventCountry "GER"]
[EventRounds "7"]
[EventType "team-swiss"]
[EventDate "2014.12.27"]

1. e4 e5 2. Nf3 Nf6 3. Nc3 Bb4 4. a3 Bxc3 5. dxc3 Nc6 6. Bd3 d5 7. exd5 Qxd5 8.
O-O Bg4 9. Be2 Qxd1 10. Rxd1 O-O 11. h3 Bh5 12. Bg5 Ne4 13. Re1 Nxg5 14. Nxg5
Bxe2 15. Rxe2 h6 16. Nf3 Rfe8 17. Rae1 Rad8 18. Nxe5 Nxe5 19. Rxe5 Rxe5 20.
Rxe5 Rd1+ 21. Kh2 Rd2 22. Re8+ Kh7 23. Rb8 Rxc2 24. Rxb7 Rxf2 25. Rxc7 Rxb2 26.
Rxa7 Rb3 27. c4 Rc3 28. Rxf7 Rxc4 29. Rf2 Ra4 30. Ra2 g5 31. Kg3 Kg6 32. Kf3
Kh5 33. g3 Kg6 34. Ke3 Kf5 35. g4+ Kg6 36. Kd3 h5 37. gxh5+ Kxh5 38. Kc3 Kh4
39. Kb3 Ra7 40. Rg2 Rb7+ 41. Kc4 Kh5 42. a4 Rc7+ 43. Kb5 Rc3 44. a5 Rxh3 45. a6
g4 46. Ra2 g3 47. a7 Rh2 48. Rxh2+ gxh2 49. a8=Q Kh4 50. Qg2 1-0

[Event "DVM U10 2014"]
[Site "Magdeburg GER"]
[Date "2014.12.29"]
[Round "7"]
[White "Lorenz, Keana"]
[Black "Beck, Felix"]
[Result "0-1"]
[Termination "normal"]
[Board "8.3"]
[WhiteElo "1089"]
[BlackElo "995"]
[WhiteTeam "MTV 1876 Saalfeld"]
[BlackTeam "Sfr. Nord-Ost Berlin"]
[PlyCount "58"]
[WhiteFideId "12990248"]
[BlackFideId "16255364"]
[EventCountry "GER"]
[EventRounds "7"]
[EventType "team-swiss"]
[EventDate "2014.12.27"]

1. e4 e5 2. Nf3 Nc6 3. Bc4 Be7 4. c3 Nf6 5. d4 exd4 6. cxd4 Nxe4 7. O-O Nf6 8.
Ng5 O-O 9. Re1 h6 10. Nf3 d6 11. Be3 Bg4 12. Nc3 Qd7 13. h3 Bh5 14. Be2 Bg6 15.
Nh4 Bh7 16. Bg4 Nxg4 17. hxg4 Bxh4 18. g3 Bf6 19. Qd2 Qxg4 20. Nd5 Bxd4 21.
Bxd4 Nxd4 22. Ne7+ Kh8 23. Rad1 Nf3+ 24. Kg2 Nxd2 25. Rxd2 Be4+ 26. Kg1 Qf3 27.
Kf1 Rfe8 28. Re3 Qg2+ 29. Ke2 Rxe7 0-1

[Event "DVM U10 2014"]
[Site "Magdeburg GER"]
[Date "2014.12.29"]
[Round "7"]
[White "Klühs, Isabel"]
[Black "Lorenz, Anouk"]
[Result "1-0"]
[Termination "normal"]
[Board "8.4"]
[WhiteElo "763"]
[BlackElo "865"]
[WhiteTeam "Sfr. Nord-Ost Berlin"]
[BlackTeam "MTV 1876 Saalfeld"]
[PlyCount "139"]
[WhiteFideId "16228944"]
[BlackFideId "12990256"]
[EventCountry "GER"]
[EventRounds "7"]
[EventType "team-swiss"]
[EventDate "2014.12.27"]

1. d4 d5 2. Nf3 Nf6 3. e3 Bf5 4. a3 e6 5. c4 Be4 6. Nc3 Nc6 7. Be2 Be7 8. O-O
O-O 9. b3 Bd6 10. c5 Be7 11. Bd3 Bxd3 12. Qxd3 Na5 13. b4 Nb3 14. Rb1 Nxc1 15.
Rfxc1 c6 16. e4 Nh5 17. g3 g6 18. Qc2 Bg5 19. Rf1 Re8 20. Kg2 Qc7 21. e5 Rf8
22. Nxg5 Qe7 23. Nf3 f6 24. Rh1 Qf7 25. Qd1 fxe5 26. dxe5 Qf5 27. Rb2 Qg4 28.
h3 Nf4+ 29. Kg1 Nxh3+ 30. Kf1 Rxf3 31. Ke1 Qf5 32. Rxh3 Rxc3 33. Qd2 Qe4+ 34.
Qe2 Rc1+ 35. Kd2 Rc4 36. Rh4 Rd4+ 37. Ke1 Rd1+ 38. Kxd1 Qg2 39. Qg4 Qg1+ 40.
Ke2 Kg7 41. Qxe6 Rf8 42. Qe7+ Rf7 43. Qg5 Qxf2+ 44. Kd3 Rf3+ 45. Qe3 Qxe3+ 46.
Kc2 Rf2+ 47. Kb1 Qe1+ 48. Ka2 Rf3 49. Rd4 Qc3 50. Rdd2 Qxa3+ 51. Kb1 Qa4 52.
Rf2 Rd3 53. Rfd2 Rxg3 54. Rg2 Ra3 55. Kc1 Ra1+ 56. Kd2 Rd1+ 57. Ke3 Rh1 58. Rh2
Qa3+ 59. Kf4 Rf1+ 60. Rhf2 Rh1 61. Rh2 Rf1+ 62. Rbf2 Qc1+ 63. Kf3 Qd1+ 64. Ke3
Qb3+ 65. Kf4 Qc4+ 66. Kf3 Qd3+ 67. Kg4 Qe4+ 68. Kg3 Qe3+ 69. Kg4 Rg1+ 70. Rhg2
1-0